Ralph’s School Subjects - Statistics

General Stats
  • This quiz has been taken 17 times
  • The average score is 7 of 10
Answer Stats
Years Answer % Correct
2022-2023 Applications of Mathematics
100%
2021-2025 Mathematics
100%
2021-2024 English
78%
2021-2025 History
78%
2021-2023 Chemistry
67%
2023-2025 Music
67%
2021-2023 French
56%
2021-2024 Physics
56%
2021-2023 Computing Science
44%
2021-2025 Latin
33%
No matching quizzes found
Score Distribution
Percent of People with Each Score
Percentile by Number Answered
Your Score History
You have not taken this quiz